Sửa chữa máy đốt trong tàu thuỷ và ôtô

Đã lưu trong:
Sonraí Bibleagrafaíochta
Príomhúdar: Dương Đình Đối
Formáid: Leabhar
Teanga:Undetermined
Foilsithe: Tp. Hồ Chí Minh Nông nghiệp 1998
Ábhair:
Clibeanna: Cuir Clib Leis
Gan Chlibeanna, Bí ar an gcéad duine leis an taifead seo a chlibeáil!
Thư viện lưu trữ: Trung tâm Học liệu Trường Đại học Cần Thơ
LEADER 00489nam a2200157Ia 4500
001 CTU_66603
008 210402s9999 xx 000 0 und d
082 |a 621.43 
082 |b Đ452 
100 |a Dương Đình Đối 
245 0 |a Sửa chữa máy đốt trong tàu thuỷ và ôtô 
260 |a Tp. Hồ Chí Minh 
260 |b Nông nghiệp 
260 |c 1998 
650 |a internal combustion engines 
980 |a Trung tâm Học liệu Trường Đại học Cần Thơ